000 00787nam a2200253Ia 4500
003 OSt
005 20251029101649.0
008 220923b |||||||| |||| 00| 0 eng d
020 _a0415254981
037 _cGeneral Book
040 _aRTL
_cRTL
_beng
041 _2eng
_aeng
084 _aY:3(NW):(S5), P3
_qRTL
100 _aDyer, Richard.
_9143086
245 0 _aNow you see it: studies in lesbian and gay film.
250 _a2
260 _aLondon
_bRoutledge
_c2003
300 _aix,339 p.
_ccm.
_bIncludes bibliographical references and index.
500 _aBibliography: P 307-27
650 _aSociology of Cinema
_9239765
700 _aPidduck, Julianne.
_9289237
_eCo author
942 _hY:3(NW):(S5), P3
_cGB
_2CC
_n0
999 _c578966
_d578966